000 01067nam a2200265 a 4500
001 000011338
005 20200929162425.0
008 091016s2000 dr ad 001 0 spa d
040 _aDO-SdBNP
_bspa
_cBNPHU
082 _a371.3
_bG993o, 2000
100 1 _aGuzmán de Camacho, Ana Dolores
_912351
245 1 0 _aOrientaciones didácticas para el proceso de enseñanza-aprendizaje /
_cAna Dolores Guzmán de Camacho, Milagros Concepción Calderón ; presentación Ángela Florencio.
250 _a2ª ed.
260 _aSanto Domingo :
_bAmigo del Hogar,
_c2000.
300 _a183 p. :
_bil., gráfcs. ;
_c24 cm.
500 _aIncluye datos biográficos de las autoras en la contracubierta.
504 _aBibliografía: p.171-177.
650 4 _aMétodos de enseñanza
_92196
650 4 _aPedagogía
_xTécnicas de enseñanza
_912352
650 4 _aPsicología del aprendizaje
_xMetodología
_912353
700 1 _aConcepción Calderón, Milagros
_912354
700 1 _aFlorencio, Ángela,
_epresent.
_926942
910 _aValidado. Control de calidad
049 _aBNPD
999 _c11045
_d11045